书目信息 |
| 题名: |
经济全球化企业如何应对
|
|
| 作者: | 李越 著 | |
| 分册: | ||
| 出版信息: | 北京 中国社会出版社 1999.08 |
|
| 页数: | 291页 | |
| 开本: | 32开 | |
| 丛书名: | ||
| 单 册: | ||
| 中图分类: | F114.41 | |
| 科图分类: | ||
| 主题词: | 经济--世界 , 国际经济关系 | |
| 电子资源: | ||
| ISBN: | 7-80146-241-6 | |
| 000 | 00587nam0 2200205 45 | |
| 001 | 0012140879 | |
| 005 | 20001214085138.6 | |
| 010 | @a7-80146-241-6@d18.20元 | |
| 100 | @a20001214d1999 km y0chiy0120 ea | |
| 101 | 0 | @achi |
| 105 | @a z 000yy | |
| 200 | 1 | @a经济全球化企业如何应对@AJing Ji Quan Qiu Hua Qi Ye Ru He Ying Dui@f李越著@FLi Yue Zhu |
| 210 | @a北京@c中国社会出版社@d1999.08 | |
| 215 | @a291页@d32开 | |
| 606 | 0 | @a经济@x世界 |
| 606 | 0 | @a国际经济关系 |
| 690 | @aF114.41@v3 | |
| 701 | 0 | @a李越@4著 |
| 801 | @aCN@bPftUser@c20001214 | |
| 905 | @b312804-805@dF114.41@eL825@f2 | |
| 经济全球化企业如何应对/李越著.-北京:中国社会出版社,1999.08 |
| 291页;32开 |
| ISBN 7-80146-241-6:18.20元 |
| ● |
| 相关链接 |
|
|
|
正题名:经济全球化企业如何应对
索取号:F114.41/L825
 
预约/预借
| 序号 | 登录号 | 条形码 | 馆藏地/架位号 | 状态 | 备注 |
| 1 | 312804 | 203128043 | 社科库409/409社科库 67排1列4层/ [索取号:F114.41/L825] | 在馆 | |
| 2 | 312805 | 203128052 | 社科库409/409社科库 67排1列4层/ [索取号:F114.41/L825] | 在馆 |